00394nam a2200097 a 4500008004100000050002200041100001900063245010900082260009600191350000900287080514s1998 ||||||||||||||||| || u aCBU-UG THESIS/KHU aKhunga, Majumo14aThe impact of the home ownership policy on Urban Residential land use in Zambia: the case of Lusaka City aKitwebCopperbelt University, School of Built Environment, Department of Land Economyc1998 a0.00